000 006970000a22002170004500
003 LK-CoMWRAF
005 20231030150557.0
008 230817t2005 ||||| |||| 00| 0 eng d
020 _a9555800952
040 _aLK-CoMWRAF
_dLK-CoMWRAF
_eLK-CoMWRAF
041 _aeng
082 _a330
_bECO
245 _aEconomic Reforms in Sri Lanka:
_bPost - 1977 Period
260 _aColombo:
_bInternational Centre for Ethnic Studies
_c2005
300 _axii, 392 p. : ill. ; 22 cm.
_bBibliography included
650 _aECONOMIC POLICY-Sri Lanka-Congresses.
650 _aEconomic s-Sri Lanka
650 _aPolitics and government-Sri Lanka
700 _aSarvananthan,, Muttukrishna
_eed.
942 _cBK
999 _c2256
_d2256